00369nam a2200133Ia 4500003000400000008004100004020002700045040000800072100001900080245006700099260004200166300001500208365001200223LDD181029s9999 xx 000 0 und d a9780195306934cP 85.00 cLDD aLehmann, David 0aRemaking israeli judaismbthe challenge of shascDavid Lehmann aOxfordbOxford University pressc2006 axvii, 295p bP 85.00